ბათუმის შოთა რუსთაველის სახელმწიფო უნივერსიტეტის ბიბლიოთეკა

Собрание сочинении в двенадцати томах.т.8. Почвоведение и агрономия (ბიბ.ჩანაწერი № 46287)

000 -LEADER
fixed length control field 00798nam a2200217Ia 4500
001 - CONTROL NUMBER
control field 13121
003 - CONTROL NUMBER IDENTIFIER
control field GE_BSU
008 - FIXED-LENGTH DATA ELEMENTS--GENERAL INFORMATION
fixed length control field 181216s||||||||xx |||||||||||||| ||und||
040 ## - CATALOGING SOURCE
Transcribing agency GE_BSU
080 ## - UNIVERSAL DECIMAL CLASSIFICATION NUMBER
Universal Decimal Classification number 631.4
100 ## - MAIN ENTRY--PERSONAL NAME
Personal name Вильямс,В.Р.
245 ## - TITLE STATEMENT
Title Собрание сочинении в двенадцати томах.т.8. Почвоведение и агрономия
245 ## - TITLE STATEMENT
Statement of responsibility, etc. Ред.кол.В.П.Бушинский.Т.Д.Лысенко.Ред.А.И.Корчагин
260 ## - PUBLICATION, DISTRIBUTION, ETC.
Place of publication, distribution, etc. Москва
260 ## - PUBLICATION, DISTRIBUTION, ETC.
Name of publisher, distributor, etc. Госиздат сель.-хоз.лит-ры
260 ## - PUBLICATION, DISTRIBUTION, ETC.
Date of publication, distribution, etc. 1951
300 ## - PHYSICAL DESCRIPTION
Extent 368стр.27см.фото
653 ## - INDEX TERM--UNCONTROLLED
Uncontrolled term Почвоведение и агрономия
653 ## - INDEX TERM--UNCONTROLLED
Uncontrolled term Собрание сочинении в двенадцати томах.
942 ## - ADDED ENTRY ELEMENTS (KOHA)
Koha item type წიგნი
ეგზემპლარები
Withdrawn status Lost status Damaged status Not for loan Date acquired Barcode Date last seen Price effective from Koha item type
        2018-12-17 21077 2018-12-17 2018-12-17 წიგნი
        2018-12-17 21078 2018-12-17 2018-12-17 წიგნი